000 00795nam a2200205Ii 4500
003 JO-AjNU
008 230605s9999||||xx |||||||||||||| ||und||
040 _aJO-AjNU
_bara
_erda
_cJO-AjNU
041 _aara
050 1 4 _aBP189.6.I26 2002
100 3 _aتحقيق وتقديم: عبد الفتاح، سعيد,
_eauthor
_916706
245 0 0 _aرسائل ابن عربي القطب والنقباء وعقلة المستوفز ورسالة الأنوار والتدبيرات الإلهية ورسائل أخرى، مج2
250 _aط1
264 3 1 _aبيروت: الانتشار العربي، 2002
300 _aمج2، 406ص
336 _atext
_btxt
_2rdacontent
337 _aunmediated
_bn
_2rdamedia
338 _avolume
_bnc
_2rdacarrier
650 4 _aالتصوف الاسلامي
_916707
999 _aA5010
_c8578
_d8578